000 00943nam a22002417a 4500
001 80253
003 BD-RjUL
005 20230409110231.0
008 220829s1999 bg a|||| m||| 00| 0 eng d
035 _a(BD-RjUL)80253
040 _aBD-RjUL
_beng
_cBD-RjUL
_dBD-RjUL
041 _aeng
082 _223
_a584.9054924
_bKHS 1999
100 _aKhan, Md. Salahuddin
_94525
245 1 0 _aStudies on Bamboo Blight Disease in the greater Rajshahi District /
_cSubmitted By Md. Salahuddin Khan ;
_6Supervisor : M. Saha Alam
260 _aRajshahi :
_bPlant Pathology Laboratory, Department of Botany, Rajshahi University,
_c1999
300 _a[8], 100 leaves :
_bill, ;
_c29.cm.
502 _aThesis (M. Phil.) -- Plant Pathology Laboratory, Department of Botany, Rajshahi University, 1999
504 _aReferences : Leaves 91- 100
650 _aBamboo
_vRajshahi
_zBangladesh
_94526
700 _aAlam, M. Saha, Supervisor
_94527
942 _2ddc
_cTHE
999 _c80253
_d80253